000 00874nam a2200205Ia 4500
003 GCL
008 140319s9999 xx 000 0 ara d
040 _aGCL /
_cGCL
082 0 4 _aط
_b239.9
_bد هـ
100 1 _aدرويش الزفتاوى
245 1 0 _aهشام بن العاصى: رجل شجاع جدا, عبداللة بن جعفربن ابى طالب: رجل يسمى بحر الجود, ابو ايوب الانصارى: رجل استضاف الرسول(ص) فى بيته /
_cدرويش الزفتاوى
300 _a34 ص
490 _aرجال احبهم الرسول صلى اللة عليه و سلم
_v0
650 0 4 _aالاطفال
650 0 4 _aالصحابة والتابعون
650 0 4 _aهشام بن العاصى
650 0 4 _aعبد اللة بن جعفر بن ابى طالب
650 0 4 _aابو ايوب الانصارى
942 _2ddc
_cBK
999 _c51144
_d51144